000 00647nam a2200217 i 4500
003 DO-SdBNP
005 20230630105330.0
007 ta
008 230627b19? dr ac||| |||| 00| 0 spa d
040 _aDO-SdBNP
_bspa
_cBNPHU
_erda
082 4 _bP925
_222
245 1 0 _aPremios música latina =latin music awards
264 1 _aAltos de Chavon, República Dominicana :
_bAltos de Chavon,
_c[sin fecha].
300 _a8 páginas :
_bilustraciones ;
_c30 cm.
336 _2rdacontent
_atexto
_btxt
337 _2rdamedia
_asin mediación
_bn
338 _2rdacarrier
_avolumen
_bnc
590 _aInventariado, 2023/DG
910 _aDG
942 _2ddc
_cLF2
999 _c54025
_d54025